America's new geostrategy

में बचाया:
ग्रंथसूची विवरण
मुख्य लेखक: Brzezinski, Zbigniew
स्वरूप: मूलपाठ
प्रकाशित: s.l.: Foreign Affairs
टैग: टैग जोड़ें
कोई टैग नहीं, इस रिकॉर्ड को टैग करने वाले पहले व्यक्ति बनें!

MARC

LEADER 00000 a a2200000 04500
001 23771
003
040
090 |a 168100  
100 |a Brzezinski, Zbigniew  
245 |a America's new geostrategy  
260 |a s.l.:   |b Foreign Affairs  
300 |a pp. 680-699  
999 |c 13919  |d 13919